30 maiores empresas do Brasil (2023) - Statistics

Estatísticas Gerais
  • Esse quiz foi jogado 121 vezes
  • A pontuação média é 5 de 30
Estatísticas das Respostas
Classificação Setor Estado Empresa % Correto
1 Petróleo e Gás RJ Petrobras
100%
4 Mineração RJ Vale
71%
12 Alimentos e Bebidas SP Ambev
66%
24 TI & Telecom SP Claro Participações
34%
21 Petróleo e Gás RJ Shell
25%
2 Alimentos e Bebidas SP JBS
23%
18 Comércio Varejista RJ Assaí
22%
30 Energia Elétrica RJ Grupo Enel
20%
15 Química e Petroquímica BA Braskem
18%
20 Alimentos e Bebidas SC BRF
17%
25 Metalurgia e Siderurgia SP CSN
17%
17 Metalurgia e Siderurgia SP Gerdau
17%
10 Comércio Varejista SP Grupo Carrefour Brasil
17%
23 Serviços Médicos SP Rede D'Or
16%
6 Petróleo e Gás SP Cosan
14%
3 Petróleo e Gás RJ Raízen
10%
22 TI & Telecom SP Telefônica Brasil
9%
7 Alimentos e Bebidas SP Marfrig
8%
5 Petróleo e Gás RJ Vibra
7%
11 Agronegócio SC Bunge Alimentos
6%
9 Agronegócio SP Cargill
6%
13 Veículos e Peças MG Stellantis
5%
16 Metalurgia e Siderurgia MG ArcelorMittal
3%
8 Petróleo e Gás SP Ultrapar
3%
26 Agronegócio MT Amaggi
2%
14 Agronegócio SP Cofco International
2%
19 Bioenergia SP Copersucar
2%
27 Energia Elétrica RJ Neoenergia
1%
28 Petróleo e Gás BA Acelen
0%
29 Agronegócio SP Louis Dreyfus Company
0%
Nenhum quiz correspondente encontrado
Distribuição das Pontuações
Porcentagem de Pessoas com Cada Pontuação
Percentil de Números Respondidos
Sua Pontuação Histórica
Você não jogou esse quiz